00507nam a2200157Ia 4500008004100000020001900041041000800060082001700068100001500085245004200100260003100142300000900173650002300182999002100205952012300226260223s2024 xx 000 0 und d a978-0023685204 aeng a610.7307/GUP aGupta.R.K. aPofessional Trends (New Syllabus GNM) aB.S.B. PunebPV, Pubc2024 a110P aPofessional Trends c1216455d1216455 00104070aNCMbNCMd2026-01-22g175.00l1o610.7307/GUPpNCM-N-4542r2026-03-05 00:00:00s2026-03-04w2026-02-23yBK